Los cometas y su historia [ (Record no. 3865)

MARC details
000 -LEADER
campo de control de longitud fija 01444nkm a2200289 i 4500
001 - NÚMERO DE CONTROL
campo de control 3865
003 - IDENTIFICADOR DE NÚMERO DE CONTROL
campo de control ES-MaACL
005 - FECHA Y HORA DE LA ÚLTIMA TRANSACCIÓN
campo de control 20250713062836.0
007 - CAMPO FIJO DE DESCRIPCIÓN FÍSICA--INFORMACIÓN GENERAL
campo de control de longitud fija khrbo
008 - DATOS DE LONGITUD FIJA--INFORMACIÓN GENERAL
campo de control de longitud fija 070613s1986 sp --- g |001||spa d
100 0# - ENTRADA PRINCIPAL--NOMBRE DE PERSONA
Nombre de persona Alfonso,
Fechas asociadas al nombre 1902-1990
9 (RLIN) 19858
245 14 - MENCIÓN DEL TÍTULO
Título Los cometas y su historia [
Medio Fotografía]
Resto del título : "Halley", un cometa muy especial /
Mención de responsabilidad, etc. Alfonso (sello).
260 ## - PUBLICACIÓN, DISTRIBUCIÓN, ETC.
Lugar de publicación, distribución, etc. [S.l. :
Nombre del editor, distribuidor, etc. s.n.],
Fecha de publicación, distribución, etc. 1986.
300 ## - DESCRIPCIÓN FÍSICA
Extensión 2 fot. :
Otras características físicas b. y n. ;
Dimensiones 12 x 18 cm.
490 1# - MENCIÓN DE SERIE
Mención de serie El año del cometa
500 ## - NOTA GENERAL
Nota general Datos basados en invitación.
500 ## - NOTA GENERAL
Nota general Conferencia que se incluye dentro de la exposición fotográfica titulada "El año del cometa", celebrada en la galería de retratos desde el día 13 al 30 de octubre de 1986 (inaugurada el lunes 13 a las 19:00 h)
511 0# - NOTA DE PARTICIPANTES O INTÉRPRETES
Nota de participantes o intérpretes Interviene: Angel Gómez Roldán.
518 ## - NOTA DE FECHA/HORA Y LUGAR DE UN ACONTECIMIENTO
Nota de fecha/hora y lugar de un acontecimiento Acto organizado por el Ateneo de Madrid a propuesta de Sección de Ciencias y en colaboración con la revista "Tribuna de Astronomía", celebrado en el salón de actos el lunes, 13 de octubre de 1986, a las 19:30 h.
600 14 - PUNTO DE ACCESO ADICIONAL DE MATERIA--NOMBRE DE PERSONA
Nombre de persona Gómez Roldán, Angel.
9 (RLIN) 58144
610 24 - PUNTO DE ACCESO ADICIONAL DE MATERIA--NOMBRE DE ENTIDAD CORPORATIVA
Nombre de entidad corporativa o nombre de jurisdicción como elemento de entrada Ateneo de Madrid-
Subdivisión general Actos culturales-
Subdivisión cronológica 1986-
Subdivisión de forma Fotografías.
9 (RLIN) 1901
710 2# - ENTRADA AGREGADA--NOMBRE DE ENTIDAD CORPORATIVA
Nombre de entidad corporativa o nombre de jurisdicción como elemento de entrada Ateneo de Madrid.
Unidad subordinada Sección de Ciencias.
9 (RLIN) 1972
830 0# - PUNTO DE ACCESO ADICIONAL DE SERIE-TÍTULO UNIFORME
Título uniforme El año del cometa
9 (RLIN) 176964
852 ## - LOCALIZACIÓN
Ubicación ES-MaACL
Número de control de estantería FOT 187/1986
856 4# - LOCALIZACIÓN Y ACCESO ELECTRÓNICOS
Identificador Uniforme de Recursos <a href="http://www.ateneodemadrid.net/biblioteca_digital/imagenes/1986/0187-1986.jpg">http://www.ateneodemadrid.net/biblioteca_digital/imagenes/1986/0187-1986.jpg</a>
Nota pública Ver imagen
Holdings
Estatus retirado Estado de pérdida Estado de daño No para préstamo Colección Biblioteca de origen Biblioteca actual Ubicación en estantería Fecha de adquisición Fuente de adquisición Total de préstamos Signatura topográfica completa Código de barras Visto por última vez Precio de reemplazo Tipo de ítem Koha
        Colección digital Biblioteca del Ateneo de Madrid Biblioteca del Ateneo de Madrid Depósito Z 17/01/2008     FOT 187/1986 1003928 23/02/2023 23/02/2023 Fotografía